00489nam a2200193 a 4500001001300000003000900013005001700022008004100039020001000080082001500090100002000105245003100125260003600156300000900192500003500201505002100236650001800257700002000275nice12345678IN_TiNIC20260116011526.0050524s1897 alga grp 000 0 fre  ac10000a297.4bCAM aCambon, M Jules aLes Confreries Religieuses aAlgerbImprimeur-Librairec1897 a576p aincludes index and biblioraphy2 aBiblio..., Index aSufism-Orders1 aCambon, M Jules